[Event "Teresina-ch sf 2a"]
[Site "Teresina"]
[Date "2024.05.26"]
[Round "5"]
[White "Farias, Edilsom"]
[Black "Da Fonseca Pinto, Joao Gabriel Alves"]
[Result "1/2-1/2"]
[WhiteElo "1853"]
[BlackElo "1873"]
[PlyCount "58"]
[EventDate "2024.05.24"]
[EventType "swiss"]
[EventRounds "5"]
[EventCountry "BRA"]
[SourceTitle "CB22_2024"]
[SourceDate "2024.05.29"]
[SourceVersion "1"]
[SourceVersionDate "2024.05.29"]
[SourceQuality "1"]

1. d4 Nf6 2. c4 e6 3. Nf3 b6 4. g3 Ba6 5. Nbd2 Bb4 6. Qa4 c5 7. a3 Bxd2+ 8. Bxd2 Bb7 9. dxc5 bxc5 10. Bg2 0-0 11. 0-0 d5 12. cxd5 exd5 13. Rac1 Nbd7 14. e3 Ne4 15. Bc3 Ndf6 16. Nd2 Nxc3 17. bxc3 Qc7 18. Rb1 Bc6 19. Qc2 Rab8 20. e4 dxe4 21. Nxe4 Bxe4 22. Bxe4 Nxe4 23. Qxe4 Qa5 24. Rxb8 Rxb8 25. Rb1 Rxb1+ 26. Qxb1 h6 27. Qb3 g6 28. a4 Kg7 29. Qc4 a6 1/2-1/2

[Event "Teresina-ch sf 2a"]
[Site "Teresina"]
[Date "2024.05.24"]
[Round "1"]
[White "Junior, Clovis Nivaldo"]
[Black "Farias, Edilsom"]
[Result "1-0"]
[WhiteElo "1800"]
[BlackElo "1853"]
[PlyCount "59"]
[EventDate "2024.05.24"]
[EventType "swiss"]
[EventRounds "5"]
[EventCountry "BRA"]
[SourceTitle "CB22_2024"]
[SourceDate "2024.05.29"]
[SourceVersion "1"]
[SourceVersionDate "2024.05.29"]
[SourceQuality "1"]

1. e4 c6 2. d4 d5 3. Nc3 dxe4 4. Nxe4 Bf5 5. Ng3 Bg6 6. Nf3 Nd7 7. h4 h6 8. h5 Bh7 9. Bd3 Bxd3 10. Qxd3 e6 11. Bd2 Ngf6 12. 0-0-0 Be7 13. Rde1 0-0 14. Ne5 c5 15. f4 cxd4 16. Qxd4 Bc5 17. Qd3 Qc7 18. Nxd7 Qxd7 19. Qxd7 Nxd7 20. Ne4 Be7 21. g4 Rfe8 22. g5 hxg5 23. fxg5 Nc5 24. h6 Nxe4 25. Rxe4 g6 26. h7+ Kg7 27. Bc3+ f6 28. Rxe6 Kf7 29. Rhe1 f5 30. Rxe7+ 1-0

[Event "Teresina-ch"]
[Site "Teresina"]
[Date "2024.03.10"]
[Round "6"]
[White "Farias, Edilsom"]
[Black "Da Fonseca Pinto, Joao Gabriel Alves"]
[Result "1/2-1/2"]
[WhiteElo "1838"]
[BlackElo "1903"]
[PlyCount "37"]
[EventDate "2024.03.07"]
[EventType "swiss"]
[EventRounds "6"]
[EventCountry "BRA"]
[SourceTitle "CB11_2024"]
[SourceDate "2024.03.13"]
[SourceVersion "1"]
[SourceVersionDate "2024.03.13"]
[SourceQuality "1"]

1. d4 Nf6 2. c4 e6 3. Nc3 Bb4 4. e3 0-0 5. Bd2 d5 6. Nf3 b6 7. cxd5 exd5 8. a3 Be7 9. Qc2 Bb7 10. Bd3 Nbd7 11. 0-0 c5 12. Ne5 h6 13. f4 Re8 14. Rae1 Bf8 15. h3 Rc8 16. Bf5 a6 17. Qd3 Rc7 18. Rc1 b5 19. Ne2 1/2-1/2

[Event "Teresina-ch"]
[Site "Teresina"]
[Date "2024.03.10"]
[Round "5"]
[White "Fernandes Neto, Vitorino Orthiges"]
[Black "Farias, Edilsom"]
[Result "0-1"]
[WhiteElo "1729"]
[BlackElo "1838"]
[PlyCount "68"]
[EventDate "2024.03.07"]
[EventType "swiss"]
[EventRounds "6"]
[EventCountry "BRA"]
[SourceTitle "CB11_2024"]
[SourceDate "2024.03.13"]
[SourceVersion "1"]
[SourceVersionDate "2024.03.13"]
[SourceQuality "1"]

1. e4 e5 2. Nf3 Nc6 3. c3 Nf6 4. d4 exd4 5. e5 Nd5 6. cxd4 Bb4+ 7. Bd2 Bxd2+ 8. Nbxd2 d6 9. Bb5 0-0 10. 0-0 Nce7 11. Re1 Ng6 12. Rc1 c6 13. Bc4 Nb6 14. Bb3 d5 15. Nf1 Nh4 16. Ne3 Nxf3+ 17. Qxf3 f6 18. Bc2 Qe8 19. Nf5 fxe5 20. Rxe5 Qf7 21. Qg4 Bxf5 22. Bxf5 Rae8 23. Rce1 Rxe5 24. Rxe5 Qf6 25. f3 Nc4 26. Be6+ Kh8 27. Rf5 Qe7 28. Rxf8+ Qxf8 29. b3 Ne3 30. Qg5 Nc2 31. Qe5 Qe8 32. f4 Nxd4 33. Qxd4 Qxe6 34. Qxa7 Qe1# 0-1

[Event "Teresina Nordeste Cup"]
[Site "Teresina"]
[Date "2022.07.23"]
[Round "4"]
[White "Da Fonseca Pinto, Joao Gabriel Alves"]
[Black "Farias, Edilsom"]
[Result "1/2-1/2"]
[WhiteElo "1567"]
[BlackElo "1773"]
[PlyCount "47"]
[EventDate "2022.07.22"]
[EventType "swiss"]
[EventRounds "6"]
[EventCountry "BRA"]
[SourceTitle "CBM 209 Extra"]
[Source "ChessBase"]
[SourceDate "2022.09.30"]
[SourceVersion "1"]
[SourceVersionDate "2022.09.30"]
[SourceQuality "1"]

1. e4 c6 2. d4 d5 3. e5 c5 4. dxc5 Nc6 5. Bb5 e6 6. Be3 Nge7 7. c3 Bd7 8. Bxc6 Bxc6 9. Nf3 Nf5 10. Bg5 Qc7 11. 0-0 Bxc5 12. Nbd2 0-0 13. Nb3 Bb6 14. Re1 h6 15. Bf4 Ba4 16. Qd2 Rac8 17. Rac1 Qd7 18. Nbd4 Nxd4 19. Nxd4 Bxd4 20. cxd4 Rxc1 21. Rxc1 Rc8 22. Rxc8+ Qxc8 23. Qc3 Qxc3 24. bxc3 1/2-1/2

[Event "Florianopolis op 6th"]
[Site "Florianopolis"]
[Date "2020.01.22"]
[Round "4"]
[White "Farias, Edilsom"]
[Black "Seiffert, Gabriel Pamplona"]
[Result "1/2-1/2"]
[WhiteElo "1839"]
[BlackElo "1524"]
[PlyCount "39"]
[EventDate "2020.01.20"]
[EventType "swiss"]
[EventRounds "10"]
[EventCountry "BRA"]
[SourceTitle "CBM 194 Extra"]
[Source "ChessBase"]
[SourceDate "2020.03.31"]
[SourceVersion "1"]
[SourceVersionDate "2020.03.31"]
[SourceQuality "1"]

1. d4 Nf6 2. c4 c6 3. Nc3 d5 4. cxd5 cxd5 5. Bf4 Nc6 6. e3 a6 7. Rc1 Bf5 8. f3 e6 9. g4 Bg6 10. h4 h6 11. Nh3 Bd6 12. Be2 Rc8 13. Bxd6 Qxd6 14. Nf4 e5 15. Nxg6 fxg6 16. dxe5 Nxe5 17. Nxd5 Rxc1 18. Qxc1 Qxd5 19. Qc8+ Qd8 20. Qe6+ 1/2-1/2

[Event "Florianopolis op 6th"]
[Site "Florianopolis"]
[Date "2020.01.21"]
[Round "3"]
[White "Luz, Arthur Nader"]
[Black "Farias, Edilsom"]
[Result "1-0"]
[WhiteElo "2165"]
[BlackElo "1839"]
[PlyCount "57"]
[EventDate "2020.01.20"]
[EventType "swiss"]
[EventRounds "10"]
[EventCountry "BRA"]
[SourceTitle "CBM 194 Extra"]
[Source "ChessBase"]
[SourceDate "2020.03.31"]
[SourceVersion "1"]
[SourceVersionDate "2020.03.31"]
[SourceQuality "1"]

1. e4 c6 2. d4 d5 3. exd5 cxd5 4. Bd3 Nc6 5. c3 Qc7 6. Ne2 e5 7. dxe5 Nxe5 8. Bb5+ Bd7 9. Bxd7+ Qxd7 10. 0-0 0-0-0 11. Be3 Kb8 12. Qd4 Nc6 13. Qa4 Nf6 14. Nd4 Nxd4 15. Qxd4 b6 16. Nd2 Bc5 17. Bf4+ Kb7 18. Qd3 d4 19. c4 Bd6 20. Bxd6 Qxd6 21. Rfe1 Rhe8 22. Rad1 Kc7 23. h3 h6 24. a3 Rxe1+ 25. Rxe1 Rd7 26. b4 Rd8 27. Nf3 Qf4 28. Ne5 Kb7 29. g3 1-0

[Event "Teresina Piauiense-ch"]
[Site "Teresina"]
[Date "2019.10.27"]
[Round "9"]
[White "Farias, Edilsom"]
[Black "Amorim, Gidelson Ferreira"]
[Result "0-1"]
[WhiteElo "1849"]
[BlackElo "2062"]
[PlyCount "70"]
[EventDate "2019.10.11"]
[EventType "tourn"]
[EventRounds "9"]
[EventCountry "BRA"]
[SourceTitle "CBM 192 Extra"]
[Source "Chessbase"]
[SourceDate "2019.11.06"]
[SourceVersion "1"]
[SourceVersionDate "2019.11.06"]
[SourceQuality "1"]

1. d4 Nf6 2. c4 g6 3. Nc3 d5 4. cxd5 Nxd5 5. e4 Nxc3 6. bxc3 Bg7 7. Bg5 0-0 8. Rc1 c6 9. Nf3 h6 10. Be3 Nd7 11. Be2 Nf6 12. Qc2 Be6 13. 0-0 Kh7 14. Rb1 Qc7 15. h3 b5 16. Nd2 Nd7 17. c4 a6 18. cxb5 f5 19. d5 f4 20. dxe6 fxe3 21. fxe3 Ne5 22. bxc6 Rxf1+ 23. Bxf1 Rd8 24. Bxa6 Nxc6 25. Bb5 Qa7 26. Nc4 Ne5 27. Qf2 Nd3 28. Qe2 Nf4 29. Qg4 Qxa2 30. Rb2 Qa1+ 31. Kh2 Nh5 32. Rd2 Rxd2 33. Be8 Be5+ 34. Nxe5 Qxe5+ 35. Kg1 Qf6 0-1

[Event "Teresina Piauiense-ch"]
[Site "Teresina"]
[Date "2019.10.25"]
[Round "7"]
[White "Silva, Ramon Domingos Cunh"]
[Black "Farias, Edilsom"]
[Result "1-0"]
[WhiteElo "1849"]
[BlackElo "1849"]
[PlyCount "75"]
[EventDate "2019.10.11"]
[EventType "tourn"]
[EventRounds "9"]
[EventCountry "BRA"]
[SourceTitle "CBM 192 Extra"]
[Source "Chessbase"]
[SourceDate "2019.11.06"]
[SourceVersion "1"]
[SourceVersionDate "2019.11.06"]
[SourceQuality "1"]

1. d4 Nf6 2. c4 e6 3. Nc3 Bb4 4. Bg5 c5 5. a3 Bxc3+ 6. bxc3 Qa5 7. Qd3 Ne4 8. Bd2 Nxd2 9. Qxd2 0-0 10. Nf3 d6 11. e3 Nd7 12. Bd3 Nf6 13. 0-0 Re8 14. e4 e5 15. d5 Bd7 16. Rfb1 Rab8 17. Rb3 b5 18. Rab1 Rbc8 19. Qe3 Qc7 20. Nd2 bxc4 21. Rb7 Qd8 22. Nxc4 Qe7 23. Rxa7 Rb8 24. Rbb7 Rxb7 25. Rxb7 Qf8 26. Rb6 Ra8 27. Nxd6 Rxa3 28. Qxc5 Ra1+ 29. Bf1 h6 30. Qb4 Kh7 31. c4 Qa8 32. c5 Qa2 33. Qb2 Qa4 34. Qe2 Ra2 35. Ra6 Rxe2 36. Rxa4 Rc2 37. Rc4 Rb2 38. c6 1-0

[Event "Teresina Piauiense-ch"]
[Site "Teresina"]
[Date "2019.10.12"]
[Round "2"]
[White "Farias, Edilsom"]
[Black "Carvalho, Lazaro Miranda"]
[Result "0-1"]
[WhiteElo "1849"]
[BlackElo "1991"]
[PlyCount "104"]
[EventDate "2019.10.11"]
[EventType "tourn"]
[EventRounds "9"]
[EventCountry "BRA"]
[SourceTitle "CBM 192 Extra"]
[Source "Chessbase"]
[SourceDate "2019.11.06"]
[SourceVersion "1"]
[SourceVersionDate "2019.11.06"]
[SourceQuality "1"]

1. d4 d5 2. c4 e6 3. Nc3 Nf6 4. cxd5 exd5 5. Bg5 Be7 6. e3 0-0 7. Qc2 c6 8. Bd3 Nbd7 9. Nf3 Re8 10. h3 Nf8 11. 0-0 Ne4 12. Bf4 Nd6 13. Na4 g6 14. Rab1 Ne6 15. Bh2 Bf8 16. Rfc1 Ng5 17. Nxg5 Qxg5 18. Bf4 Qh4 19. Bg3 Qd8 20. Nc5 Nf5 21. Bf4 a5 22. a3 Nd6 23. b4 axb4 24. axb4 b5 25. Bxd6 Bxd6 26. Ra1 Rxa1 27. Rxa1 Qg5 28. Kf1 Qe7 29. Ra8 Qc7 30. Qa2 Bxc5 31. dxc5 Qh2 32. Bxb5 cxb5 33. Qxd5 Qc7 34. Qa2 Qd7 35. Kg1 Bb7 36. Rxe8+ Qxe8 37. Qa5 Qd7 38. f3 Kg7 39. Qb6 Bc6 40. Qb8 Qd5 41. Qc7 h5 42. h4 Qe6 43. e4 Bd7 44. Kh2 Qe7 45. Kg1 Qe6 46. Kh1 Be8 47. Kg1 Qf6 48. Qc8 Kf8 49. Qb7 Qd4+ 50. Kh2 Qxb4 51. c6 Qd6+ 52. Kh1 Qxc6 0-1

[Event "Teresina op 7th"]
[Site "Teresina"]
[Date "2019.08.04"]
[Round "5"]
[White "Silva, Ronnyel Carlos Cunh"]
[Black "Farias, Edilsom"]
[Result "1/2-1/2"]
[WhiteElo "1704"]
[BlackElo "1856"]
[PlyCount "79"]
[EventDate "2019.08.02"]
[EventType "swiss"]
[EventRounds "6"]
[EventCountry "BRA"]
[SourceTitle "EXT 2020"]
[Source "ChessBase"]
[SourceDate "2019.10.17"]
[SourceVersion "1"]
[SourceVersionDate "2019.10.17"]
[SourceQuality "1"]

1. d4 Nf6 2. c4 e6 3. Nc3 Bb4 4. Bg5 c5 5. Qa4 h6 6. Bh4 g5 7. Bg3 Ne4 8. Rc1 Nc6 9. e3 cxd4 10. exd4 Qa5 11. Qxa5 Bxa5 12. Nge2 f5 13. f3 Nxg3 14. hxg3 Nb4 15. Kd2 Nxa2 16. Ra1 Nxc3 17. Rxa5 Nxe2 18. Bxe2 a6 19. c5 d6 20. b4 Rb8 21. b5 axb5 22. Bxb5+ Ke7 23. Rc1 dxc5 24. Rxc5 Kd6 25. Re5 Rh7 26. Kd3 b6 27. Ra1 Rc7 28. Rh1 Ra7 29. Rhe1 Rba8 30. Rc1 Rc7 31. Rxc7 Kxc7 32. d5 Kd6 33. Kd4 Ra1 34. f4 Rd1+ 35. Bd3 Rg1 36. dxe6 Bxe6 37. Bxf5 Bxf5 38. Rxf5 Rxg2 39. fxg5 hxg5 40. Rxg5 1/2-1/2

[Event "Teresina op 7th"]
[Site "Teresina"]
[Date "2019.08.03"]
[Round "3"]
[White "Mello Sales, Caio de"]
[Black "Farias, Edilsom"]
[Result "1-0"]
[WhiteElo "2056"]
[BlackElo "1856"]
[PlyCount "63"]
[EventDate "2019.08.02"]
[EventType "swiss"]
[EventRounds "6"]
[EventCountry "BRA"]
[SourceTitle "EXT 2020"]
[Source "ChessBase"]
[SourceDate "2019.10.17"]
[SourceVersion "1"]
[SourceVersionDate "2019.10.17"]
[SourceQuality "1"]

1. d4 Nf6 2. Bg5 e6 3. e4 h6 4. Bxf6 Qxf6 5. c3 d6 6. Nd2 g6 7. Bd3 Bg7 8. Ne2 Nd7 9. 0-0 e5 10. f4 exd4 11. cxd4 0-0 12. e5 dxe5 13. fxe5 Qe7 14. Qb3 Kh7 15. Nf4 Nb6 16. Qc2 Be6 17. Bxg6+ Kg8 18. Be4 c6 19. Nh5 Qd7 20. Bh7+ Kh8 21. Rf4 Nd5 22. Rh4 Qe7 23. Nf3 Rac8 24. Nxg7 Kxg7 25. Qd2 Qxh4 26. Nxh4 Kxh7 27. Qd3+ Kh8 28. Rf1 Rg8 29. Nf5 Rg6 30. Nd6 Rcg8 31. g3 R8g7 32. Nxf7+ 1-0

[Event "Teresina-ch"]
[Site "Teresina"]
[Date "2019.03.17"]
[Round "5.2"]
[White "Silva Sobrinho, Agostinho Jose"]
[Black "Farias, Edilsom"]
[Result "1/2-1/2"]
[WhiteElo "2073"]
[BlackElo "1869"]
[PlyCount "44"]
[EventDate "2019.03.15"]
[EventType "swiss"]
[EventRounds "5"]
[EventCountry "BRA"]
[SourceTitle "EXT 2022"]
[Source "ChessBase"]
[SourceDate "2021.10.06"]
[SourceVersion "1"]
[SourceVersionDate "2021.10.06"]
[SourceQuality "1"]

1. d4 Nf6 2. c4 e6 3. Nf3 b6 4. a3 Bb7 5. Nc3 d5 6. cxd5 Nxd5 7. Qc2 Nxc3 8. bxc3 c5 9. e4 Nd7 10. Bd3 Qc7 11. Qe2 Be7 12. Bb2 0-0 13. 0-0 Rfe8 14. Rac1 Rac8 15. Rfe1 c4 16. Bb1 b5 17. Bc2 a5 18. Ra1 Ra8 19. Nd2 e5 20. d5 Nb6 21. Nf3 Bf8 22. d6 Bxd6 1/2-1/2

[Event "Florianopolis op 5th"]
[Site "Florianopolis"]
[Date "2019.01.27"]
[Round "10"]
[White "Sato, Leticia Miho"]
[Black "Farias, Edilsom"]
[Result "1-0"]
[WhiteElo "1613"]
[BlackElo "1892"]
[PlyCount "119"]
[EventDate "2019.01.21"]
[EventType "swiss"]
[EventRounds "10"]
[EventCountry "BRA"]
[SourceTitle "EXT 2020"]
[Source "ChessBase"]
[SourceDate "2019.10.17"]
[SourceVersion "1"]
[SourceVersionDate "2019.10.17"]
[SourceQuality "1"]

1. d4 Nf6 2. Nf3 e6 3. Bf4 c5 4. e3 b6 5. Bd3 Bb7 6. Nbd2 Be7 7. h3 0-0 8. 0-0 Nc6 9. c3 d5 10. a4 Bd6 11. Bxd6 Qxd6 12. Qe2 e5 13. dxe5 Nxe5 14. Nxe5 Qxe5 15. Nf3 Qe7 16. Rfd1 Rfd8 17. Bc2 a5 18. Bb3 Rd6 19. Nh4 g6 20. Nf3 Rad8 21. Nd2 Kg7 22. Qe1 Nd7 23. Rac1 Ne5 24. Nb1 Ba6 25. Bc2 Qd7 26. Na3 Nc4 27. Nxc4 Bxc4 28. Rd2 Ba6 29. Rcd1 Bb7 30. Bb3 Qe7 31. Kh2 Qe5+ 32. Kg1 Qg5 33. Qf1 Bc6 34. Bc2 f5 35. Re1 Qh4 36. b3 Qf6 37. Rd3 Bb7 38. Red1 Ba6 39. c4 dxc4 40. Rxd6 Rxd6 41. Rxd6 Qxd6 42. bxc4 Qd2 43. Qd3 Qxd3 44. Bxd3 Bb7 45. f3 Bc6 46. Bc2 Kf6 47. Kf2 g5 48. Kg3 Ke5 49. f4+ gxf4+ 50. exf4+ Kd4 51. Bxf5 Bxa4 52. Bxh7 Bb3 53. f5 Bc2 54. f6 Bxh7 55. f7 Kxc4 56. f8Q Bd3 57. Qf7+ Kb5 58. Qf6 Kc4 59. Qxb6 a4 60. Qe6+ 1-0

[Event "Florianopolis op 5th"]
[Site "Florianopolis"]
[Date "2019.01.24"]
[Round "5"]
[White "Farias, Edilsom"]
[Black "Melo, Danieli De"]
[Result "1-0"]
[WhiteElo "1892"]
[BlackElo "1638"]
[PlyCount "75"]
[EventDate "2019.01.21"]
[EventType "swiss"]
[EventRounds "10"]
[EventCountry "BRA"]
[SourceTitle "CBM 188 Extra"]
[Source "ChessBase"]
[SourceDate "2019.02.26"]
[SourceVersion "1"]
[SourceVersionDate "2019.02.26"]
[SourceQuality "1"]

1. d4 Nf6 2. c4 e5 3. dxe5 Ng4 4. Bf4 g5 5. Bg3 Bg7 6. Nf3 Nc6 7. Nc3 Ngxe5 8. Nxe5 Nxe5 9. e3 d6 10. Qd2 Be6 11. b3 Qf6 12. Rc1 0-0 13. Be2 Qe7 14. Nd5 Bxd5 15. Qxd5 c6 16. Qd2 Rad8 17. 0-0 d5 18. c5 f5 19. h3 Rf7 20. Rfe1 Qf6 21. Bxe5 Qxe5 22. Qa5 Qb8 23. b4 d4 24. Bc4 Rdd7 25. Rcd1 Kf8 26. Bxf7 Kxf7 27. Qa4 f4 28. exd4 Bxd4 29. Qb3+ Kf8 30. Qe6 Qd8 31. Qf5+ Kg7 32. Kf1 Rd5 33. Qe6 Bf6 34. Rxd5 cxd5 35. Qd6 d4 36. Qxd8 Bxd8 37. Re6 Bf6 38. Rd6 1-0

[Event "Florianopolis op 5th"]
[Site "Florianopolis"]
[Date "2019.01.23"]
[Round "4"]
[White "Trois, Francisco R Torres"]
[Black "Farias, Edilsom"]
[Result "1-0"]
[WhiteElo "2163"]
[BlackElo "1892"]
[PlyCount "32"]
[EventDate "2019.01.21"]
[EventType "swiss"]
[EventRounds "10"]
[EventCountry "BRA"]
[SourceTitle "CBM 188 Extra"]
[Source "ChessBase"]
[SourceDate "2019.02.26"]
[SourceVersion "1"]
[SourceVersionDate "2019.02.26"]
[SourceQuality "1"]

1. c4 g6 2. d4 Bg7 3. Nc3 Nf6 4. e4 d6 5. Be2 0-0 6. Bg5 Nbd7 7. Qd2 c6 8. Nf3 Re8 9. 0-0 e5 10. Rad1 Qb6 11. dxe5 dxe5 12. Be3 Qa5 13. Bh6 Bh8 14. h3 Nc5 15. Qc2 Nh5 16. Rfe1 Ne6 1-0

[Event "Florianopolis op 5th"]
[Site "Florianopolis"]
[Date "2019.01.22"]
[Round "3"]
[White "Farias, Edilsom"]
[Black "Cordeiro, Yan Henrique"]
[Result "1-0"]
[WhiteElo "1892"]
[BlackElo "1631"]
[PlyCount "80"]
[EventDate "2019.01.21"]
[EventType "swiss"]
[EventRounds "10"]
[EventCountry "BRA"]
[SourceTitle "CBM 188 Extra"]
[Source "ChessBase"]
[SourceDate "2019.02.26"]
[SourceVersion "1"]
[SourceVersionDate "2019.02.26"]
[SourceQuality "1"]

1. Nf3 e6 2. g3 d5 3. d4 Be7 4. c4 c6 5. Bg2 Nf6 6. 0-0 0-0 7. b3 Nbd7 8. Bb2 Re8 9. Nbd2 b6 10. Qc2 Bb7 11. Rac1 Rc8 12. Qb1 c5 13. dxc5 bxc5 14. Ne5 Nxe5 15. Bxe5 Bd6 16. Bb2 Ba8 17. e3 Be7 18. Rfd1 Qb6 19. Nf3 Ne4 20. Ne5 Red8 21. Bh3 Ng5 22. Bg2 Ne4 23. Qc2 Bb7 24. Qe2 Nf6 25. Bh3 dxc4 26. Qxc4 Bd6 27. Bg2 Bxg2 28. Kxg2 Qb7+ 29. Nf3 Be7 30. Qf4 Ne4 31. Kg1 Rxd1+ 32. Rxd1 Nf6 33. Ne5 h6 34. Nc4 Rd8 35. Rxd8+ Bxd8 36. Qd6 Qc7 37. Bxf6 Qxd6 38. Nxd6 Bxf6 39. Kf1 Kf8 40. Ke2 Bd8 1-0

[Event "Brasilia Terraviva op"]
[Site "Brasilia"]
[Date "2019.01.11"]
[Round "2"]
[White "Leitao, Nicolau Daulibe"]
[Black "Farias, Edilsom"]
[Result "1/2-1/2"]
[WhiteElo "2138"]
[BlackElo "1892"]
[PlyCount "74"]
[EventDate "2019.01.10"]
[EventType "swiss"]
[EventRounds "7"]
[EventCountry "BRA"]
[SourceTitle "CBM 188 Extra"]
[Source "ChessBase"]
[SourceDate "2019.02.26"]
[SourceVersion "1"]
[SourceVersionDate "2019.02.26"]
[SourceQuality "1"]

1. d4 Nf6 2. c4 e6 3. Nc3 Bb4 4. e3 b6 5. Bd3 Bb7 6. f3 d5 7. Nge2 0-0 8. 0-0 Nbd7 9. cxd5 exd5 10. Ng3 Re8 11. Bd2 Bf8 12. Rc1 c5 13. Bb1 Rc8 14. Qa4 a6 15. dxc5 Bxc5 16. Rce1 b5 17. Qh4 Ne5 18. Nf5 Ng6 19. Qg5 Nd7 20. Qxd8 Rexd8 21. Ne2 Ne7 22. Ned4 Nxf5 23. Nxf5 g6 24. Nd4 Ne5 25. b3 Re8 26. Rc1 Bb6 27. Rxc8 Rxc8 28. Rc1 Rxc1+ 29. Bxc1 Nc6 30. Bb2 Nxd4 31. Bxd4 Bxd4 32. exd4 b4 33. Bd3 a5 34. Kf2 Kg7 35. Ke3 f5 36. g4 fxg4 37. fxg4 h6 1/2-1/2

[Event "Piaui-ch final"]
[Site "Teresina"]
[Date "2018.10.11"]
[Round "1"]
[White "Farias, Edilsom"]
[Black "Amorim, Gidelson Ferreira"]
[Result "0-1"]
[WhiteElo "1886"]
[BlackElo "2004"]
[PlyCount "92"]
[EventDate "2018.10.11"]
[EventType "tourn"]
[EventRounds "9"]
[EventCountry "BRA"]
[SourceTitle "CBM 187 Extra"]
[Source "ChessBase"]
[SourceDate "2018.11.04"]
[SourceVersion "1"]
[SourceVersionDate "2018.11.04"]
[SourceQuality "1"]

1. d4 e6 2. Nf3 b6 3. e3 Bb7 4. Bd3 Nf6 5. Nbd2 d5 6. b3 Bd6 7. Bb2 0-0 8. 0-0 Ne4 9. Ne1 f5 10. f3 Qh4 11. f4 Qe7 12. Nef3 Nc6 13. Ne5 Rf6 14. Rf3 Rh6 15. Bxe4 fxe4 16. Rg3 Rf8 17. Qe2 Nb4 18. Nf1 Ba6 19. Qd2 Bxe5 20. dxe5 c5 21. a3 Nc6 22. Rg5 Rh4 23. Ng3 h6 24. Rh5 Rxh5 25. Nxh5 Qh4 26. Ng3 Ne7 27. c4 g5 28. Rf1 gxf4 29. Rxf4 Rxf4 30. exf4 Bb7 31. Qf2 Qg4 32. h3 Qg6 33. cxd5 Bxd5 34. b4 cxb4 35. axb4 h5 36. Kh2 h4 37. Nf1 Nf5 38. Bc1 Bc4 39. Nd2 e3 40. Qf3 Qg3+ 41. Kg1 Qe1+ 42. Kh2 Qxc1 43. Qg4+ Ng7 44. Ne4 e2 45. Nf6+ Kf7 46. f5 exf5 0-1

[Event "Caxias LMX Maranhense 27th"]
[Site "Caxias do Sul"]
[Date "2018.09.23"]
[Round "5.4"]
[White "Farias, Edilsom"]
[Black "Campos, Claudio Braga"]
[Result "1-0"]
[WhiteElo "1877"]
[BlackElo "1899"]
[PlyCount "50"]
[EventDate "2018.09.21"]
[EventType "swiss"]
[EventRounds "5"]
[EventCountry "BRA"]
[SourceTitle "EXT 2022"]
[Source "ChessBase"]
[SourceDate "2021.10.06"]
[SourceVersion "1"]
[SourceVersionDate "2021.10.06"]
[SourceQuality "1"]

1. d4 Nf6 2. c4 e6 3. Nf3 Be7 4. g3 0-0 5. Bg2 Nc6 6. Nc3 d6 7. e4 h6 8. 0-0 Nh7 9. Be3 Bg5 10. Nxg5 Nxg5 11. f4 Nh7 12. e5 Qe7 13. Qe2 f6 14. d5 Nd8 15. exd6 cxd6 16. dxe6 Bxe6 17. Nd5 Bxd5 18. Bxd5+ Kh8 19. Qf2 Nc6 20. Rfe1 Qc7 21. b3 Nb4 22. Red1 Nxd5 23. Rxd5 b6 24. Rad1 Rfd8 25. Bd2 Qe7 1-0

[Event "Luiz Rego Memorial 6th"]
[Site "Teresina"]
[Date "2018.08.04"]
[Round "3"]
[White "Farias, Edilsom"]
[Black "Aguiar, Davi De Almeida"]
[Result "1-0"]
[WhiteElo "1888"]
[BlackElo "1598"]
[PlyCount "28"]
[EventDate "2018.08.03"]
[EventType "swiss"]
[EventRounds "6"]
[EventCountry "BRA"]
[SourceTitle "CBM 186 Extra"]
[Source "ChessBase"]
[SourceDate "2018.08.24"]
[SourceVersion "1"]
[SourceVersionDate "2018.08.24"]
[SourceQuality "1"]

1. d4 d5 2. c4 c6 3. Nc3 h6 4. e3 Bf5 5. cxd5 cxd5 6. Qb3 g6 7. Qxb7 Nd7 8. Nf3 Qb8 9. Ba6 e6 10. Qxb8+ Rxb8 11. 0-0 Bb4 12. a3 Bxc3 13. bxc3 Rb6 14. Be2 Be4 1-0

[Event "Luiz Rego Memorial 6th"]
[Site "Teresina"]
[Date "2018.08.03"]
[Round "2"]
[White "Rocha, Vitor Firmo de Souz"]
[Black "Farias, Edilsom"]
[Result "1-0"]
[WhiteElo "2186"]
[BlackElo "1888"]
[PlyCount "36"]
[EventDate "2018.08.03"]
[EventType "swiss"]
[EventRounds "6"]
[EventCountry "BRA"]
[SourceTitle "CBM 186 Extra"]
[Source "ChessBase"]
[SourceDate "2018.08.24"]
[SourceVersion "1"]
[SourceVersionDate "2018.08.24"]
[SourceQuality "1"]

1. e4 e5 2. Nf3 Nc6 3. d4 exd4 4. Bc4 Nf6 5. e5 d5 6. Bb5 Ne4 7. Nxd4 Bc5 8. 0-0 0-0 9. Bxc6 bxc6 10. Be3 Ba6 11. Re1 Bxd4 12. Qxd4 Qe7 13. Nc3 Nxc3 14. Qxc3 Qe6 15. Bd4 Bc8 16. Re3 Bd7 17. Rae1 Rfe8 18. Rg3 Reb8 1-0